Statistics for Famous British people #2

Click here to take the quiz!

General Stats

  • This quiz has been taken 92 times
    (74 since last reset)
  • The average score is 10 of 15

Answer Stats

HintAnswer% Correct
_ _ _ WinehouseAmy
97%
_ _ _ _ _ _ CraigDaniel
94%
_ _ _ _ _ CowellSimon
92%
_ _ _ _ _ GervaisRicky
84%
_ _ _ _ _ AndrewsJulie
79%
_ _ _ _ _ _ _ BloomOrlando
79%
_ _ _ _ _ _ OsbourneSharon
79%
_ _ _ _ _ _ _ FryStephen
75%
_ _ _ _ _ _ _ _ _ BaleChristian
71%
_ _ _ _ LaurieHugh
70%
_ _ _ _ _ BluntEmily
65%
_ _ _ _ _ JohnElton
57%
_ _ _ _ _ CampbellNaomi
54%
_ _ _ _ _ _ BartonMischa
16%
_ _ _ _ _ _ BuckfieldClaire
13%

Score Distribution

Percentile by Number Answered

Percent of People with Each Score

Your Score History

You have not taken this quiz since the last reset